Dictionary of synonyms & antonyms / (Record no. 199625)

MARC details
000 -LEADER
fixed length control field 00608nam a22001817a 4500
005 - DATE AND TIME OF LATEST TRANSACTION
control field 20231212123725.0
008 - FIXED-LENGTH DATA ELEMENTS--GENERAL INFORMATION
fixed length control field 110803t xxu||||| |||| 00| 0 eng d
010 ## - LCCN (DPL NO)
LC control number ENG-18.10.23
020 ## - INTERNATIONAL STANDARD BOOK NUMBER
International Standard Book Number 9788183822411
Terms of availability 250.00
037 ## - SOURCE OF ACQUISITION
Source of stock number/acquisition Lotus
082 ## - DEWEY DECIMAL CLASSIFICATION NUMBER
Classification number 483
100 ## - MAIN ENTRY--PERSONAL NAME
9 (RLIN) 29868
Personal name Gupta, Shabnam
245 ## - TITLE STATEMENT
Title Dictionary of synonyms & antonyms /
Statement of responsibility, etc by Shabnam Gupta
260 ## - PUBLICATION, DISTRIBUTION, ETC. (IMPRINT)
Place of publication, distribution, etc New Delhi
Name of publisher, distributor, etc Lotus Press
Date of publication, distribution, etc 2022
270 ## - ADDRESS
Address 4263/3, Ansari Road, Darya Ganj
City New Delhi
Postal code 110002
Telephone number 32903912,23280047
Electronic mail address lotus_press@sify.com
300 ## - PHYSICAL DESCRIPTION
Extent 286p. :
Dimensions 22cm (pbk)
Other physical details ill.
942 ## - ADDED ENTRY ELEMENTS (KOHA)
Source of classification or shelving scheme Dewey Decimal Classification
Item type English Books
Call number suffix GUP
Classification part 483

No items available.


© Delhi Public Library
Hit Counter
free hit counter